000 00438nab a2200145Ia 4500
003 ES-SlBCS
005 20210601125244.0
008 140529s1981 xxu||||| |||| 00| 0 eng d
041 _aeng
100 1 _aLevin, Michael
_9151990
245 0 0 _aPhenomenal Properties
_c Michael Levin
650 0 4 _aFenomenología-Propiedades
_9156034
773 0 _tPhilosophy and Phenomenological Research
_gvol. 42, 1981, págs. 42-58
_wRev1411
942 _cAR
999 _c527332
_d527332